[Event "Titled Tuesday intern op 04th Mar Early"]
[Site "Chess.com INT"]
[Date "2025.03.04"]
[Round "6"]
[White "Essing, Arnold"]
[Black "Ghoreishi Amiri, Seyed Kian"]
[Result "0-1"]
[WhiteElo "2211"]
[BlackElo "2216"]
[PlyCount "132"]
[EventDate "2025.03.04"]
[EventType "swiss (blitz)"]
[EventRounds "11"]
[EventCountry "USA"]
[SourceTitle "CB11_2025"]
[SourceDate "2025.03.12"]
[SourceVersion "1"]
[SourceVersionDate "2025.03.12"]
[SourceQuality "1"]

1. d4 d5 2. Nf3 e6 3. c4 Nf6 4. Nc3 a6 5. cxd5 exd5 6. Bg5 Be7 7. e3 0-0 8. Bd3 h6 9. Bh4 c6 10. Qc2 Nbd7 11. 0-0 Re8 12. Nd2 Nf8 13. Rae1 Be6 14. f3 b5 15. Bf2 c5 16. dxc5 Bxc5 17. Nb3 Bb6 18. Nd4 Rc8 19. Qd1 Bd7 20. a3 Ne6 21. Nf5 Nc5 22. Nd6 Nxd3 23. Qxd3 Be6 24. Nxc8 Qxc8 25. Qd2 Qb8 26. Ne2 Bf5 27. Nd4 Bh7 28. Rc1 Bc7 29. g3 Bb6 30. Qc3 h5 31. Qc6 h4 32. Kg2 h3+ 33. Kxh3 Bd3 34. Rfd1 Bg6 35. Kg2 Kh7 36. b4 Bd8 37. Qc8 Qd6 38. Rc6 Qe5 39. Qxa6 Qh5 40. Qxb5 Ne4 41. Rxg6 Nxf2 42. Qxe8 fxg6 43. Kxf2 Qxh2+ 44. Ke1 Bf6 45. Rd2 Qg1+ 46. Ke2 Qg2+ 47. Kd3 Qf1+ 48. Kc2 Qg1 49. Qc6 Qxg3 50. Qc3 g5 51. Qd3+ Kg8 52. Nf5 Qc7+ 53. Kb1 d4 54. Nxd4 g4 55. fxg4 Qg3 56. Nf5 Qxg4 57. Qd5+ Kh7 58. Rh2+ Kg6 59. e4 Qg1+ 60. Kc2 Qxh2+ 61. Kb3 Qh3+ 62. Ka4 Qg4 63. Qe6 Qd1+ 64. Ka5 Qd8+ 65. Ka4 Qa8+ 66. Kb3 Kg5 0-1

[Event "Titled Tuesday intern op 04th Mar Early"]
[Site "Chess.com INT"]
[Date "2025.03.04"]
[Round "2"]
[White "Phillips, Rene"]
[Black "Essing, Arnold"]
[Result "0-1"]
[WhiteElo "1904"]
[BlackElo "2211"]
[PlyCount "54"]
[EventDate "2025.03.04"]
[EventType "swiss (blitz)"]
[EventRounds "11"]
[EventCountry "USA"]
[SourceTitle "CB11_2025"]
[SourceDate "2025.03.12"]
[SourceVersion "1"]
[SourceVersionDate "2025.03.12"]
[SourceQuality "1"]

1. Nf3 d5 2. d4 e6 3. Bf4 Bd6 4. Bg3 Nf6 5. e3 0-0 6. Nbd2 c5 7. c3 b6 8. Bd3 Nc6 9. Ne5 Bb7 10. f4 Ne7 11. Qf3 Nf5 12. 0-0-0 Rc8 13. Kb1 Be7 14. Bf2 Nd6 15. Bh4 Nfe4 16. Bxe7 Qxe7 17. Qh3 f6 18. Nef3 g6 19. Rhf1 Nf5 20. Rde1 cxd4 21. exd4 Nfd6 22. g4 b5 23. a3 a5 24. g5 f5 25. Ne5 Nxd2+ 26. Ka2 Nxf1 27. Rxf1 b4 0-1

[Event "Titled Tuesday intern op 04th Mar Early"]
[Site "Chess.com INT"]
[Date "2025.03.04"]
[Round "4"]
[White "Wang, Jalen"]
[Black "Essing, Arnold"]
[Result "1/2-1/2"]
[WhiteElo "2109"]
[BlackElo "2211"]
[PlyCount "86"]
[EventDate "2025.03.04"]
[EventType "swiss (blitz)"]
[EventRounds "11"]
[EventCountry "USA"]
[SourceTitle "CB11_2025"]
[SourceDate "2025.03.12"]
[SourceVersion "1"]
[SourceVersionDate "2025.03.12"]
[SourceQuality "1"]

1. e4 Nf6 2. e5 Nd5 3. c4 Nb6 4. d4 d6 5. exd6 cxd6 6. Nc3 g6 7. Bd3 Bg7 8. Nge2 0-0 9. 0-0 Nc6 10. Be3 Nb4 11. b3 Nxd3 12. Qxd3 Bf5 13. Qd2 d5 14. c5 Nd7 15. f4 Be4 16. Nxe4 dxe4 17. Ng3 f5 18. Rac1 Nf6 19. Rfd1 Nd5 20. Ne2 a5 21. g3 e6 22. Nc3 Qd7 23. a4 Nxc3 24. Qxc3 Rfd8 25. Qc4 Qc6 26. Kf2 h6 27. Rb1 Rd7 28. b4 axb4 29. Rxb4 Kh7 30. Rdb1 Ra6 31. Rb6 Qxa4 32. Qxe6 Qc2+ 33. Kg1 Ra2 34. Qxg6+ Kg8 35. Qe8+ Kh7 36. Qg6+ Kg8 37. Qe8+ Kh7 38. Rxh6+ Kxh6 39. Rb6+ Kh7 40. Qh5+ Kg8 41. Qe8+ Kh7 42. Qh5+ Kg8 43. Qe8+ Kh7 1/2-1/2

[Event "Titled Tuesday intern op 11th Feb Early"]
[Site "Chess.com INT"]
[Date "2025.02.11"]
[Round "5"]
[White "Wartiovaara, Oliver"]
[Black "Essing, Arnold"]
[Result "1-0"]
[WhiteElo "2336"]
[BlackElo "2215"]
[PlyCount "69"]
[EventDate "2025.02.11"]
[EventType "swiss (blitz)"]
[EventRounds "11"]
[EventCountry "USA"]
[SourceTitle "CB09_2025"]
[SourceDate "2025.02.27"]
[SourceVersion "1"]
[SourceVersionDate "2025.02.27"]
[SourceQuality "1"]

1. d4 d5 2. c4 e6 3. g3 c5 4. Nf3 Nc6 5. cxd5 exd5 6. Bg2 c4 7. 0-0 Bb4 8. b3 cxb3 9. Qxb3 Nge7 10. Rd1 0-0 11. Nc3 Bf5 12. Ne5 Bxc3 13. Qxc3 Rc8 14. Nxc6 Rxc6 15. Qb2 Rc2 16. Qxb7 Rxe2 17. Ba3 Re8 18. Re1 Rxe1+ 19. Rxe1 Be6 20. Qxa7 Nf5 21. Bc5 h5 22. a4 Qa8 23. Qxa8 Rxa8 24. Ra1 Ra5 25. Bb6 Ra6 26. a5 Nd6 27. Rc1 Nc4 28. Bf1 Ra8 29. Rb1 Nxb6 30. axb6 Rb8 31. b7 Kf8 32. Ba6 Ke7 33. Rc1 Kd6 34. Rc8 Bd7 35. Rxb8 1-0

[Event "Titled Tuesday intern op 04th Feb Early"]
[Site "Chess.com INT"]
[Date "2025.02.04"]
[Round "3"]
[White "Atakhan, Abtin"]
[Black "Essing, Arnold"]
[Result "1/2-1/2"]
[WhiteElo "2414"]
[BlackElo "2215"]
[PlyCount "99"]
[EventDate "2025.02.04"]
[EventType "swiss (blitz)"]
[EventRounds "11"]
[EventCountry "USA"]
[SourceTitle "CB07_2025"]
[SourceDate "2025.02.12"]
[SourceVersion "1"]
[SourceVersionDate "2025.02.12"]
[SourceQuality "1"]

1. d4 d5 2. c4 e6 3. Nc3 c5 4. cxd5 exd5 5. Nf3 Nc6 6. dxc5 d4 7. Na4 Bxc5 8. Nxc5 Qa5+ 9. Bd2 Qxc5 10. Rc1 Qb6 11. e3 Nf6 12. Bc4 0-0 13. 0-0 Bg4 14. exd4 Nxd4 15. Be3 Bxf3 16. Qxd4 Qxd4 17. Bxd4 Bc6 18. b4 Rfd8 19. Bxf6 gxf6 20. Rfd1 Ba4 21. Rxd8+ Rxd8 22. h4 Rd4 23. g3 b5 24. Bf1 Rxb4 25. Rc7 Rb2 26. Bg2 Rxa2 27. Bd5 Rd2 28. Bxf7+ Kf8 29. Rxa7 Bc2 30. Be6 Be4 31. f3 Bxf3 32. Rf7+ Ke8 33. Rxf6 Be4 34. Bf5 Bxf5 35. Rxf5 b4 36. Rb5 Rb2 37. Rb7 b3 38. g4 Kf8 39. g5 Kg8 40. h5 Kf8 41. Kf1 Kg8 42. Ke1 Rg2 43. Rxb3 Rxg5 44. Kf2 Rxh5 45. Rb8+ Kg7 46. Rb7+ Kg6 47. Rb6+ Kg7 48. Rb7+ Kg6 49. Rb6+ Kg7 50. Rb7+ 1/2-1/2

[Event "Titled Tuesday intern op 04th Feb Early"]
[Site "Chess.com INT"]
[Date "2025.02.04"]
[Round "8"]
[White "Mizzi, Jack"]
[Black "Essing, Arnold"]
[Result "0-1"]
[WhiteElo "2093"]
[BlackElo "2215"]
[PlyCount "80"]
[EventDate "2025.02.04"]
[EventType "swiss (blitz)"]
[EventRounds "11"]
[EventCountry "USA"]
[SourceTitle "CB07_2025"]
[SourceDate "2025.02.12"]
[SourceVersion "1"]
[SourceVersionDate "2025.02.12"]
[SourceQuality "1"]

1. d4 d5 2. c4 e6 3. Nf3 c5 4. g3 Nc6 5. Bg2 dxc4 6. 0-0 cxd4 7. Qa4 Nf6 8. Ne5 Bd7 9. Nxc6 bxc6 10. Qxc4 Be7 11. Qxd4 0-0 12. Nc3 Nd5 13. e4 Bf6 14. e5 Be7 15. Bd2 Rb8 16. b3 c5 17. Qc4 Bc6 18. Rfd1 Nxc3 19. Bxc3 Qc7 20. Rd2 Bxg2 21. Kxg2 h6 22. Rad1 Rfd8 23. b4 Rxd2 24. Rxd2 Qb7+ 25. f3 cxb4 26. Bb2 a5 27. h4 Rc8 28. Qd3 a4 29. Qd7 Qxd7 30. Rxd7 Rc2+ 31. Kh3 Rxb2 32. Rxe7 Rxa2 33. Re8+ Kh7 34. Re7 b3 35. Rxf7 b2 36. Rb7 a3 37. g4 Ra1 38. g5 hxg5 39. hxg5 b1Q 40. g6+ Qxg6 0-1

[Event "Titled Tuesday intern op 07th Jan Early"]
[Site "Chess.com INT"]
[Date "2025.01.07"]
[Round "8"]
[White "Essing, Arnold"]
[Black "Novak, Ratko"]
[Result "0-1"]
[WhiteElo "2215"]
[BlackElo "2038"]
[PlyCount "130"]
[EventDate "2025.01.07"]
[EventType "swiss (blitz)"]
[EventRounds "11"]
[EventCountry "USA"]
[SourceTitle "CB03_2025"]
[SourceDate "2025.01.15"]
[SourceVersion "1"]
[SourceVersionDate "2025.01.15"]
[SourceQuality "1"]

1. d4 d5 2. Nf3 c5 3. e3 cxd4 4. exd4 Nc6 5. c4 Nf6 6. Nc3 Bg4 7. Be2 e6 8. 0-0 Bb4 9. Bg5 Bxc3 10. bxc3 h6 11. Bxf6 Qxf6 12. cxd5 exd5 13. Qb3 0-0-0 14. Rab1 Rd7 15. Ne5 Nxe5 16. dxe5 Qe6 17. Rfe1 Bxe2 18. Rxe2 Rc7 19. Rd1 Rd8 20. g3 f6 21. Red2 Qxe5 22. Rxd5 Rxd5 23. Rxd5 Qxc3 24. Qd1 b6 25. Rd8+ Kb7 26. Qd5+ Qc6 27. Qg8 Qf3 28. Qd5+ Qxd5 29. Rxd5 Kc6 30. Rd2 Rd7 31. Rc2+ Kb5 32. Kf1 a5 33. Ke2 Kb4 34. Rb2+ Kc5 35. Rc2+ Kb5 36. Rb2+ Ka6 37. Ke3 b5 38. Ke4 g6 39. f4 b4 40. h4 Kb5 41. h5 gxh5 42. Kf5 Rg7 43. Kxf6 Rxg3 44. f5 h4 45. Rh2 h3 46. Ke7 Rg2 47. Rxh3 Rxa2 48. Rf3 Re2+ 49. Kd7 Rd2+ 50. Ke7 Rc2 51. Kd7 Rg2 52. f6 Rg8 53. f7 Rf8 54. Ke7 Rxf7+ 55. Kxf7 a4 56. Rf5+ Kc4 57. Rf4+ Kc5 58. Rf5+ Kc4 59. Rf4+ Kb3 60. Rf3+ Ka2 61. Rf4 Ka3 62. Ke6 b3 63. Kd5 b2 64. Rf1 Ka2 65. Kc4 b1Q 0-1

[Event "Titled Tuesday intern op 07th Jan Early"]
[Site "Chess.com INT"]
[Date "2025.01.07"]
[Round "7"]
[White "Essing, Arnold"]
[Black "Rosner, Jonas"]
[Result "1-0"]
[WhiteElo "2215"]
[BlackElo "2440"]
[PlyCount "157"]
[EventDate "2025.01.07"]
[EventType "swiss (blitz)"]
[EventRounds "11"]
[EventCountry "USA"]
[SourceTitle "CB03_2025"]
[SourceDate "2025.01.15"]
[SourceVersion "1"]
[SourceVersionDate "2025.01.15"]
[SourceQuality "1"]

1. d4 g6 2. Nf3 Bg7 3. c4 d6 4. Nc3 e5 5. dxe5 dxe5 6. Qxd8+ Kxd8 7. h4 Be6 8. e3 f6 9. h5 Nh6 10. hxg6 hxg6 11. b3 Nd7 12. Bb2 c6 13. Ne4 Kc7 14. 0-0-0 Nf7 15. Be2 a5 16. a4 Rxh1 17. Rxh1 f5 18. Neg5 Nxg5 19. Nxg5 Bg8 20. e4 Nc5 21. exf5 gxf5 22. Kc2 b5 23. Nf3 bxa4 24. bxa4 Re8 25. Rh5 Nxa4 26. Rg5 Bh8 27. Ba1 Nb6 28. Kc1 Bxc4 29. Bxc4 Nxc4 30. Rxf5 e4 31. Bxh8 exf3 32. Bc3 fxg2 33. Rg5 a4 34. Rxg2 a3 35. Kc2 Rb8 36. Rg4 Nd6 37. Be5 Kd7 38. Rd4 Rb5 39. Bxd6 a2 40. Be5+ Ke6 41. Bh8 a1Q 42. Re4+ Kf5 43. Bxa1 Kxe4 44. Kd2 c5 45. Bc3 c4 46. Ke2 Rb3 47. Kd2 Ra3 48. Kc2 Ra2+ 49. Bb2 Ra8 50. Kc3 Kd5 51. Kc2 Rg8 52. Kd2 Rf8 53. Ke3 Re8+ 54. Kd2 Ke4 55. Bc3 Kd5 56. Ba5 Rf8 57. Bb6 Rf7 58. Be3 Rb7 59. Kc3 Rb3+ 60. Kc2 Rd3 61. Kb2 Kc6 62. Kc2 Kb5 63. Kb2 Kb4 64. Kc2 Rd5 65. Bd2+ Kc5 66. Be3+ Kb5 67. Bd2 Rf5 68. Be3 Kb4 69. Bd2+ Kc5 70. Be3+ Kd5 71. Kc3 Rf3 72. Kc2 Rf7 73. Kc3 Rb7 74. Kc2 Rb4 75. Kc3 Ra4 76. Kc2 Ra3 77. Kd2 Ke4 78. Kc2 c3 79. Bc5 1-0

[Event "Titled Tuesday intern op 24th Sep Early"]
[Site "Chess.com INT"]
[Date "2024.09.24"]
[Round "8"]
[White "Essing, Arnold"]
[Black "Karamsetty, Jeevan"]
[Result "1-0"]
[WhiteElo "2230"]
[BlackElo "2244"]
[PlyCount "85"]
[EventDate "2024.09.24"]
[EventType "swiss (blitz)"]
[EventRounds "11"]
[EventCountry "USA"]
[SourceTitle "EXT 2025"]
[Source "ChessBase"]
[SourceDate "2024.10.14"]
[SourceVersion "1"]
[SourceVersionDate "2024.10.14"]
[SourceQuality "1"]

1. d4 Nf6 2. Nf3 c6 3. c4 d5 4. Nc3 dxc4 5. e4 b5 6. e5 Nd5 7. a4 Nxc3 8. bxc3 e6 9. axb5 cxb5 10. Ng5 Be7 11. Nxf7 Kxf7 12. Qf3+ Ke8 13. Qxa8 Nd7 14. Qxa7 Rf8 15. Be2 Kf7 16. 0-0 Kg8 17. Ba3 Bxa3 18. Qxa3 Bb7 19. Qd6 Bd5 20. f4 Qe8 21. Bf3 Bxf3 22. Rxf3 Nb8 23. Raf1 Qc8 24. d5 exd5 25. Qxd5+ Kh8 26. f5 Nd7 27. Qxb5 Qc7 28. f6 gxf6 29. exf6 Ne5 30. Rf4 Ra8 31. f7 Qa7+ 32. Kh1 Nxf7 33. Qxc4 Ne5 34. Rf8+ Rxf8 35. Rxf8+ Kg7 36. Qg8+ Kh6 37. Qe6+ Ng6 38. Rf1 Qc5 39. Qf6 Qc4 40. h3 Qd3 41. Qf3 Qc4 42. Qe3+ Kh5 43. Rf5+ 1-0

[Event "Titled Tuesday intern op 24th Sep Early"]
[Site "Chess.com INT"]
[Date "2024.09.24"]
[Round "7"]
[White "Essing, Arnold"]
[Black "Manukian, Artak"]
[Result "0-1"]
[WhiteElo "2230"]
[BlackElo "2104"]
[PlyCount "58"]
[EventDate "2024.09.24"]
[EventType "swiss (blitz)"]
[EventRounds "11"]
[EventCountry "USA"]
[SourceTitle "EXT 2025"]
[Source "ChessBase"]
[SourceDate "2024.10.14"]
[SourceVersion "1"]
[SourceVersionDate "2024.10.14"]
[SourceQuality "1"]

1. d4 Nf6 2. Nf3 d6 3. c4 g6 4. Nc3 Bg7 5. e4 0-0 6. Be2 e5 7. 0-0 Nc6 8. d5 Ne7 9. Ne1 a5 10. Nd3 b6 11. Be3 Nd7 12. f3 f5 13. g4 fxe4 14. fxe4 Nc5 15. Nf2 Kh8 16. b3 Ng8 17. a3 Bh6 18. Bxh6 Nxh6 19. b4 axb4 20. axb4 Rxa1 21. Qxa1 Na6 22. c5 Nxb4 23. cxb6 cxb6 24. Qb2 Na6 25. Rb1 Qg5 26. h3 Qe3 27. Bxa6 Bxa6 28. Qxb6 Qg3+ 29. Kh1 Rxf2 0-1

[Event "Titled Tuesday intern op 24th Sep Early"]
[Site "Chess.com INT"]
[Date "2024.09.24"]
[Round "5"]
[White "Essing, Arnold"]
[Black "Teterev, Vitaly"]
[Result "0-1"]
[WhiteElo "2230"]
[BlackElo "2257"]
[PlyCount "86"]
[EventDate "2024.09.24"]
[EventType "swiss (blitz)"]
[EventRounds "11"]
[EventCountry "USA"]
[SourceTitle "EXT 2025"]
[Source "ChessBase"]
[SourceDate "2024.10.14"]
[SourceVersion "1"]
[SourceVersionDate "2024.10.14"]
[SourceQuality "1"]

1. d4 Nf6 2. Nf3 g6 3. c4 Bg7 4. Nc3 d6 5. e4 0-0 6. Be2 e5 7. 0-0 Na6 8. Re1 Qe7 9. Bg5 c6 10. d5 c5 11. Qd2 Bd7 12. a3 Kh8 13. Rab1 Qe8 14. b4 Rc8 15. Bf1 Ng8 16. Nb5 Bxb5 17. cxb5 Nb8 18. bxc5 dxc5 19. b6 a6 20. Qc2 Nd7 21. Nd2 f6 22. Be3 Bh6 23. Nc4 Bxe3 24. Rxe3 Qe7 25. Qe2 Nh6 26. a4 Nf7 27. a5 Nd6 28. Nxd6 Qxd6 29. g3 f5 30. exf5 gxf5 31. Bh3 Rf6 32. Rd1 Rg8 33. Qh5 Rgf8 34. Ree1 e4 35. Bg2 Ne5 36. Qg5 c4 37. Qf4 Nd3 38. Qxd6 Rxd6 39. Re3 Rxd5 40. f3 c3 41. fxe4 c2 42. Rf1 Rd4 43. exf5 Rxf5 0-1

[Event "Titled Tuesday intern op 17th Sep Early"]
[Site "Chess,com INT"]
[Date "2024.09.17"]
[Round "3"]
[White "Essing, Arnold"]
[Black "Ozates, Tuna"]
[Result "1-0"]
[WhiteElo "2230"]
[BlackElo "2225"]
[PlyCount "33"]
[EventDate "2024.09.17"]
[EventType "swiss (blitz)"]
[EventRounds "11"]
[EventCountry "USA"]
[SourceTitle "EXT 2025"]
[Source "ChessBase"]
[SourceDate "2024.10.14"]
[SourceVersion "1"]
[SourceVersionDate "2024.10.14"]
[SourceQuality "1"]

1. d4 Nf6 2. Nf3 d5 3. c4 e6 4. Nc3 Be7 5. Bg5 0-0 6. e3 b6 7. Bd3 Bb7 8. 0-0 h6 9. Bh4 Nbd7 10. Qe2 dxc4 11. Bxc4 c5 12. Rfd1 cxd4 13. Nxd4 Ne4 14. Nxe6 Bxh4 15. Nxd8 Raxd8 16. Nxe4 Bxe4 17. Qg4 1-0

[Event "Titled Tuesday intern op 17th Sep Early"]
[Site "Chess,com INT"]
[Date "2024.09.17"]
[Round "8"]
[White "Essing, Arnold"]
[Black "Sai Agni, Jeevitesh J"]
[Result "1-0"]
[WhiteElo "2230"]
[BlackElo "2297"]
[PlyCount "61"]
[EventDate "2024.09.17"]
[EventType "swiss (blitz)"]
[EventRounds "11"]
[EventCountry "USA"]
[SourceTitle "EXT 2025"]
[Source "ChessBase"]
[SourceDate "2024.10.14"]
[SourceVersion "1"]
[SourceVersionDate "2024.10.14"]
[SourceQuality "1"]

1. d4 Nf6 2. Nf3 d6 3. c4 Nbd7 4. Bf4 Nh5 5. e3 Nxf4 6. exf4 g6 7. Bd3 Bg7 8. 0-0 0-0 9. Nc3 c6 10. f5 Nf6 11. fxg6 hxg6 12. Re1 a5 13. h3 Qc7 14. Rc1 Re8 15. d5 e5 16. dxe6 Bxe6 17. Ng5 Bd7 18. Qf3 Re5 19. Nce4 Rf5 20. Qg3 Nh5 21. Qe3 Nf4 22. Bf1 Re8 23. Qg3 Be5 24. Qb3 Qd8 25. Nf3 Ne6 26. Nxe5 Rxe5 27. Nxd6 Rxe1 28. Rxe1 Re7 29. Qf3 Qc7 30. Ne4 Qe5 31. Nf6+ 1-0

[Event "Titled Tuesday intern op 17th Sep Early"]
[Site "Chess,com INT"]
[Date "2024.09.17"]
[Round "2"]
[White "Essing, Arnold"]
[Black "Sanhueza, Cristian"]
[Result "1-0"]
[WhiteElo "2230"]
[BlackElo "2194"]
[PlyCount "107"]
[EventDate "2024.09.17"]
[EventType "swiss (blitz)"]
[EventRounds "11"]
[EventCountry "USA"]
[SourceTitle "EXT 2025"]
[Source "ChessBase"]
[SourceDate "2024.10.14"]
[SourceVersion "1"]
[SourceVersionDate "2024.10.14"]
[SourceQuality "1"]

1. d4 Nf6 2. Nf3 g6 3. c4 Bg7 4. Nc3 0-0 5. e4 d6 6. Be2 e5 7. 0-0 exd4 8. Nxd4 Re8 9. f3 Nc6 10. Be3 Nh5 11. Qd2 Nf4 12. Nxc6 Nxe2+ 13. Nxe2 bxc6 14. Bd4 c5 15. Bxg7 Kxg7 16. Rad1 Qf6 17. b3 a5 18. Nf4 Be6 19. Rfe1 a4 20. Ne2 Reb8 21. Rb1 axb3 22. axb3 Ra3 23. Qc2 Rba8 24. Nc3 Bxc4 25. e5 Qh4 26. bxc4 Qd4+ 27. Qf2 Rxc3 28. Qxd4 cxd4 29. exd6 cxd6 30. Re7 Ra2 31. h4 Rcc2 32. Rbb7 Rxg2+ 33. Kh1 Rh2+ 34. Kg1 Rhg2+ 35. Kh1 Rh2+ 36. Kg1 Rag2+ 37. Kf1 Rf2+ 38. Kg1 g5 39. Rxf7+ Kg6 40. h5+ Kxh5 41. Rxh7+ Kg6 42. Rxh2 Rxf3 43. Rd7 Kf5 44. Rxd6 Ke5 45. Rd5+ Ke4 46. Rd2 d3 47. Rd8 g4 48. c5 g3 49. c6 Rf7 50. R8xd3 Rc7 51. Rc3 Ke5 52. Rd7 Rc8 53. c7 Rxc7 54. Rdxc7 1-0

[Event "Titled Tuesday intern op 10th Sep Early"]
[Site "Chess,com INT"]
[Date "2024.09.10"]
[Round "4"]
[White "Essing, Arnold"]
[Black "Kubicka, Anna"]
[Result "0-1"]
[WhiteElo "2230"]
[BlackElo "2259"]
[PlyCount "116"]
[EventDate "2024.09.10"]
[EventType "swiss (blitz)"]
[EventRounds "11"]
[EventCountry "USA"]
[SourceTitle "EXT 2025"]
[Source "ChessBase"]
[SourceDate "2024.10.14"]
[SourceVersion "1"]
[SourceVersionDate "2024.10.14"]
[SourceQuality "1"]

1. d4 Nf6 2. Nf3 c5 3. d5 e6 4. c4 exd5 5. cxd5 d6 6. Nc3 g6 7. e4 Bg7 8. Be2 0-0 9. Bg5 a6 10. a4 Bg4 11. Nd2 Bxe2 12. Qxe2 Nbd7 13. 0-0 Re8 14. f4 Qc7 15. Qf3 Rab8 16. Rae1 h6 17. Bh4 b5 18. axb5 axb5 19. e5 Nh7 20. e6 Ndf6 21. Nde4 b4 22. Nxf6+ Nxf6 23. Bxf6 Bxf6 24. Ne4 Bxb2 25. f5 fxe6 26. dxe6 d5 27. fxg6 Rf8 28. Qe2 Bd4+ 29. Nf2 Qe7 30. Kh1 Bxf2 31. Rxf2 Rxf2 32. Qxf2 Rf8 33. Qd2 Qxe6 34. g7 Rf7 35. h3 Qd6 36. Qb2 d4 37. Qb3 Kxg7 38. Qd3 Re7 39. Rf1 Rf7 40. Re1 Qg6 41. Qc4 Qf5 42. Ra1 Kh7 43. Re1 Rg7 44. Rd1 Qg6 45. Qe2 b3 46. Rc1 d3 47. Qd2 Qe4 48. Rxc5 b2 49. Qxb2 Qe1+ 50. Kh2 Qg3+ 51. Kh1 Qe3 52. Rc1 d2 53. Rd1 Qe1+ 54. Rxe1 dxe1Q+ 55. Kh2 Qg3+ 56. Kh1 Rf7 57. Qc2+ Qg6 58. Qd1 Qf5 0-1

[Event "Titled Tuesday intern op 03rd Sep Early"]
[Site "Chess.com INT"]
[Date "2024.09.03"]
[Round "3"]
[White "Essing, Arnold"]
[Black "Estrada Nieto, Julian"]
[Result "0-1"]
[WhiteElo "2230"]
[BlackElo "2204"]
[PlyCount "52"]
[EventDate "2024.09.03"]
[EventType "swiss (blitz)"]
[EventRounds "11"]
[EventCountry "USA"]
[SourceTitle "EXT 2025"]
[Source "ChessBase"]
[SourceDate "2024.10.14"]
[SourceVersion "1"]
[SourceVersionDate "2024.10.14"]
[SourceQuality "1"]

1. d4 d5 2. Nf3 Nf6 3. c4 dxc4 4. Nc3 a6 5. e3 b5 6. a4 b4 7. Na2 e6 8. Bxc4 Bb7 9. 0-0 Nbd7 10. a5 c5 11. Bd2 Rc8 12. b3 cxd4 13. Nxd4 Qxa5 14. Nxb4 Qg5 15. f3 Nc5 16. Nxa6 Bd6 17. Nxc5 Bxc5 18. Qe2 0-0 19. Kh1 Rfd8 20. Rfd1 h6 21. e4 Qe5 22. Nb5 Nh5 23. Bc3 Qg5 24. Rxd8+ Rxd8 25. Rd1 Ng3+ 26. hxg3 Qh5# 0-1

[Event "Titled Tuesday intern op 13th Aug Early"]
[Site "Chess.com INT"]
[Date "2024.08.13"]
[Round "5"]
[White "Bestard Borras, Miguel"]
[Black "Essing, Arnold"]
[Result "1-0"]
[WhiteElo "2113"]
[BlackElo "2230"]
[PlyCount "51"]
[EventDate "2024.08.13"]
[EventType "swiss (blitz)"]
[EventRounds "11"]
[EventCountry "USA"]
[SourceTitle "EXT 2025"]
[Source "ChessBase"]
[SourceDate "2024.10.14"]
[SourceVersion "1"]
[SourceVersionDate "2024.10.14"]
[SourceQuality "1"]

1. d4 d5 2. Bf4 e6 3. e3 Nf6 4. Nd2 Bd6 5. Bxd6 Qxd6 6. f4 0-0 7. Ngf3 c5 8. Ne5 cxd4 9. exd4 Qb4 10. c3 Qxb2 11. Rc1 Qxa2 12. Bd3 Qa3 13. 0-0 Qe7 14. Rf3 b6 15. Rh3 Bb7 16. Bxh7+ Kh8 17. Ndf3 g6 18. Bxg6+ Kg7 19. Bd3 Ne4 20. Bxe4 dxe4 21. Ng5 Qf6 22. Rh7+ Kg8 23. Qh5 Nc6 24. Nexf7 Rxf7 25. Rh8+ Qxh8 26. Qxf7# 1-0

[Event "Titled Tuesday intern op 13th Aug Early"]
[Site "Chess.com INT"]
[Date "2024.08.13"]
[Round "10"]
[White "Essing, Arnold"]
[Black "Persson, Richard"]
[Result "0-1"]
[WhiteElo "2230"]
[BlackElo "2106"]
[PlyCount "54"]
[EventDate "2024.08.13"]
[EventType "swiss (blitz)"]
[EventRounds "11"]
[EventCountry "USA"]
[SourceTitle "EXT 2025"]
[Source "ChessBase"]
[SourceDate "2024.10.14"]
[SourceVersion "1"]
[SourceVersionDate "2024.10.14"]
[SourceQuality "1"]

1. d4 a6 2. Nf3 e6 3. c4 c5 4. d5 b5 5. dxe6 fxe6 6. e3 bxc4 7. Bxc4 d5 8. Be2 Nf6 9. 0-0 Nc6 10. b3 Be7 11. Bb2 0-0 12. Nc3 e5 13. Rc1 h6 14. Na4 e4 15. Nd2 Nd7 16. Nxe4 Nb4 17. Nexc5 Nxc5 18. Nxc5 Nxa2 19. Ra1 Bxc5 20. Rxa2 Bb7 21. Bf3 Rf5 22. Qc2 Rxf3 23. gxf3 Qg5+ 24. Kh1 d4 25. e4 Qf4 26. Qxc5 Qxf3+ 27. Kg1 Bxe4 0-1

[Event "Titled Tuesday intern op 13th Aug Early"]
[Site "Chess.com INT"]
[Date "2024.08.13"]
[Round "4"]
[White "Essing, Arnold"]
[Black "Vujcic, Milena"]
[Result "1/2-1/2"]
[WhiteElo "2230"]
[BlackElo "2076"]
[PlyCount "164"]
[EventDate "2024.08.13"]
[EventType "swiss (blitz)"]
[EventRounds "11"]
[EventCountry "USA"]
[SourceTitle "EXT 2025"]
[Source "ChessBase"]
[SourceDate "2024.10.14"]
[SourceVersion "1"]
[SourceVersionDate "2024.10.14"]
[SourceQuality "1"]

1. d4 d5 2. Nf3 c6 3. c4 Nf6 4. Nc3 e6 5. Bg5 Be7 6. e3 Nbd7 7. Bd3 0-0 8. 0-0 h6 9. Bh4 b6 10. Qe2 Bb7 11. Rfd1 Re8 12. Ne5 Nxe5 13. dxe5 Nd7 14. Bg3 Qc7 15. Rac1 Qb8 16. f4 a6 17. h3 Nc5 18. Bb1 Qa7 19. Bf2 Rad8 20. e4 Nxe4 21. Nxe4 dxe4 22. Qxe4 g6 23. Qe2 c5 24. Be4 Bxe4 25. Qxe4 Qc7 26. g4 Rxd1+ 27. Rxd1 Rd8 28. Rxd8+ Qxd8 29. f5 exf5 30. gxf5 gxf5 31. Qxf5 Qd1+ 32. Kg2 Qe2 33. Qg4+ Qxg4+ 34. hxg4 Kg7 35. Kf3 Kg6 36. Be3 Bg5 37. Bf4 f5 38. exf6 Kxf6 39. Bc7 b5 40. b3 Ke6 41. Ke4 Kd7 42. Bb6 Kc6 43. Ba7 Bf6 44. Bb8 Be7 45. Bf4 Bf8 46. Kf5 bxc4 47. bxc4 Kb6 48. Kg6 Ka5 49. Bxh6 Bd6 50. Kf5 Kb4 51. Be3 Kxc4 52. g5 Kd3 53. Bc1 Kc2 54. Ba3 Kb1 55. g6 Bf8 56. Kf6 Kxa2 57. Bc1 c4 58. Kf7 Kb1 59. Kxf8 Kxc1 60. g7 c3 61. g8Q c2 62. Qb3 Kd2 63. Qb4+ Kc1 64. Qa3+ Kd1 65. Qa4 Kd2 66. Qa2 Kd1 67. Qb3 Kd2 68. Qb2 Kd1 69. Qd4+ Kc1 70. Ke7 Kb1 71. Qb4+ Ka2 72. Qc3 Kb1 73. Qb3+ Kc1 74. Kd6 a5 75. Kc5 a4 76. Qxa4 Kb1 77. Qb3+ Ka1 78. Qc3+ Kb1 79. Qb3+ Ka1 80. Qa3+ Kb1 81. Kb4 c1Q 82. Qxc1+ Kxc1 1/2-1/2